Statistics for Least Corrupt Countries Bordering Each Other

Click here to take the quiz!

General Stats

  • This quiz has been taken 392 times
  • The average score is 15 of 16

Answer Stats

Country% Correct
France
99%
Germany
98%
Belgium
97%
Denmark
97%
Netherlands
97%
Switzerland
97%
Austria
96%
Finland
96%
Luxembourg
96%
Norway
96%
Sweden
96%
Poland
95%
Canada
94%
United States
94%
Ireland
81%
United Kingdom
81%

Score Distribution

Percentile by Number Answered

Percent of People with Each Score

Your Score History

You have not taken this quiz